European property fund management (Record no. 105512)
[ view plain ]
| 000 -LEADER | |
|---|---|
| fixed length control field | 00703cab a2200181 4500 |
| 001 - CONTROL NUMBER | |
| control field | ##L133932 |
| 008 - FIXED-LENGTH DATA ELEMENTS--GENERAL INFORMATION | |
| fixed length control field | 050617n2006 000 0 eng u |
| 035 ## - SYSTEM CONTROL NUMBER | |
| System control number | (Sirsi) u133932 |
| 041 0# - LANGUAGE CODE | |
| Language code of text/sound track or separate title | eng |
| 245 00 - TITLE STATEMENT | |
| Title | European property fund management |
| 260 ## - PUBLICATION, DISTRIBUTION, ETC. | |
| Date of publication, distribution, etc. | 2006 |
| 490 #0 - SERIES STATEMENT | |
| Series statement | EuroProperty |
| Volume/sequential designation | May 2006 (16) (LOAN) |
| 520 ## - SUMMARY, ETC. | |
| Summary, etc. | Series of articles on property fund management in Europe, looking at market growth, open-ended funds, French OPCIs, funds of funds, the "Europroperty"/INREV annual fund managers survey, fund closures, and fund managers' fees. |
| 590 ## - LOCAL NOTE (RLIN) | |
| Local note | IKA040706 |
| 651 #4 - SUBJECT ADDED ENTRY--GEOGRAPHIC NAME | |
| Geographic name | EUROPE |
| 690 ## - LOCAL SUBJECT ADDED ENTRY--TOPICAL TERM (OCLC, RLIN) | |
| Topical term or geographic name as entry element | PROPERTY-PROPERTY FINANCE AND INVESTMENT-PROPERTY INVESTMENT MANAGEMENT |
| 942 ## - ADDED ENTRY ELEMENTS (KOHA) | |
| Suppress in OPAC | 0 |
| Withdrawn status | Lost status | Source of classification or shelving scheme | Damaged status | Not for loan | Home library | Current library | Shelving location | Date acquired | Total Checkouts | Full call number | Barcode | Date last seen | Date last checked out | Copy number | Price effective from | Koha item type |
|---|---|---|---|---|---|---|---|---|---|---|---|---|---|---|---|---|
| Dewey Decimal Classification | London | London | Journal article | 21/06/2006 | 1 | L133932 | 30072276 | 06/08/2019 | 27/06/2006 | 1 | 06/08/2019 | Journal article |